Statystyki dla QUIZ NAPISZ DO 150 W 1 MINUTĘ I 30 SEKUND

Kliknij tutaj aby rozwiązać quiz!

Ogólne statystyki

  • Ten quiz został rozwiązany 40 razy
  • Średni wynik to 95 z 150

Statystyki odpowiedzi

~ODPOWIEDZI% Poprawnych
.1
100%
.10
100%
.11
100%
.12
100%
.13
100%
.14
100%
.15
100%
.17
100%
.2
100%
.3
100%
.4
100%
.5
100%
.6
100%
.7
100%
.8
100%
.9
100%
.16
96%
.18
96%
.21
96%
.22
96%
.23
96%
.25
96%
.42
96%
.19
91%
.24
91%
.26
91%
.27
91%
.28
91%
.29
91%
.30
91%
.31
91%
.32
91%
.34
91%
.35
91%
.36
91%
.38
91%
.39
91%
40
91%
..41
91%
.43
91%
.44
91%
.45
91%
.46
91%
.47
91%
.48
91%
.20
87%
.33
87%
.37
87%
.49
87%
.50
87%
.52
87%
.53
87%
.54
87%
.51
83%
.55
83%
.64
83%
.65
83%
.56
78%
.57
78%
.58
78%
.59
78%
.60
78%
.62
78%
.63
78%
.66
78%
.61
74%
.67
74%
.68
74%
.69
74%
.70
74%
.71
74%
.72
74%
.73
74%
.74
74%
.77
74%
.78
74%
.75
70%
.76
70%
.79
70%
.80
65%
.82
65%
.83
65%
.84
65%
.85
65%
.87
65%
.88
65%
.94
65%
.81
61%
.86
61%
.89
61%
.93
61%
.95
61%
.96
61%
.97
61%
.98
61%
.99
61%
.100
57%
.90
57%
.91
57%
.92
57%
.102
48%
.103
48%
.104
48%
.101
43%
.105
43%
.106
43%
.107
35%
.108
35%
.109
35%
.110
35%
.111
35%
.112
35%
.116
35%
.118
35%
.113
30%
.114
30%
.115
30%
.117
30%
.119
30%
.120
30%
.121
22%
.122
22%
.123
22%
.124
22%
.125
22%
.126
22%
.127
22%
.128
22%
.129
22%
.130
22%
.131
17%
.132
17%
.133
17%
.134
17%
.141
17%
.142
17%
.135
13%
.136
13%
.137
13%
.138
13%
.139
13%
.140
13%
.143
13%
.144
13%
.145
9%
.146
9%
.147
9%
.148
9%
.149
9%
.150
9%

Rozkład punktacji

Percentyl według liczby udzielonych odpowiedzi

Procent ludzi z każdym wynikiem

Twoja historia wyników

Nie rozwiązałeś tego quizu